5 Best, 5 Positions, 5 Years- Bayern Munich 2012-2017 - Statistics

General Stats
  • This quiz has been taken 47 times
  • The average score is 22 of 25
Answer Stats
Hint Answer % Correct
Wingers1. Netherlands Arjen Robben
100%
2. France Franck Ribery
100%
Centre-Forwards1. Poland Robert Lewandowski
100%
2. Germany Thomas Muller
100%
2. Germany Bastian Schweinsteiger
97%
2. Austria David Alaba
97%
Centre-Backs1. Germany Jerome Boateng
97%
3. Croatia Mario Mandzukic
97%
Full-Backs1. Germany Philipp Lahm
97%
2. Brazil Dante
92%
4. France Kingsley Coman
92%
5. Germany Mats Hummels
92%
4. Spain Thiago Alcantara
92%
5. Peru Claudio Pizarro
90%
4. Germany Mario Gomez
90%
3. Spain Javi Martinez
87%
5. Spain Xabi Alonso
85%
Centre-Midfielders1. Germany Toni Kroos
82%
5. Brazil Douglas Costa
79%
4. Brazil Rafinha
79%
3. Spain Juan Bernat
77%
4. Morocco Medhi Benatia
77%
3. Belgium Daniel Van Buyten
74%
3. Germany Mario Gotze
54%
5. Germany Holger Badstuber
41%
No matching quizzes found
Score Distribution
Percent of People with Each Score
Percentile by Number Answered
Your Score History
You have not taken this quiz